Doing time: prison experience and identity among first-time inmates
| Autores principales: | ; |
|---|---|
| Tipo de documento: | Print Libro |
| Lenguaje: | Inglés |
| Publicado: |
Stamford, Conn.
Jai Press
2000
|
| En: |
Contemporary ethnographic studies (9)
Año: 2000 |
| Disponibilidad en Tübingen: | Disponible en Tübingen. UB: KB 19 A 8607 |
| Verificar disponibilidad: | HBZ Gateway |
| Servicio de pedido Subito: | Pedir ahora. |
| Palabras clave: |
MARC
| LEADER | 00000cam a2200000 c 4500 | ||
|---|---|---|---|
| 001 | 1160878358 | ||
| 003 | DE-627 | ||
| 005 | 20251225181724.0 | ||
| 007 | tu | ||
| 008 | 010420s2000 xx ||||| 00| ||eng c | ||
| 010 | |a 00035606 | ||
| 020 | |a 0762305436 |c (alk. paper) |9 0-7623-0543-6 | ||
| 035 | |a (DE-627)1160878358 | ||
| 035 | |a (DE-576)090878353 | ||
| 035 | |a (DE-599)BSZ090878353 | ||
| 035 | |a (OCoLC)43757524 | ||
| 040 | |a DE-627 |b ger |c DE-627 |e rakwb | ||
| 041 | |a eng | ||
| 050 | 0 | |a HV6089.J66 2000 | |
| 082 | 0 | |a 365/.6/0973 | |
| 100 | 1 | |a Jones, Richard S. |0 (DE-627)1234420597 |0 (DE-576)164420592 |4 aut | |
| 109 | |a Jones, Richard S. |a Jones, Richard Sheriff |a Sheriff Jones, Richard | ||
| 245 | 1 | 0 | |a Doing time |b prison experience and identity among first-time inmates |c Richard S. Jones and Thomas J. Schmid |
| 264 | 1 | |a Stamford, Conn. |b Jai Press |c 2000 | |
| 300 | |a XIII, 216 S. | ||
| 336 | |a Text |b txt |2 rdacontent | ||
| 337 | |a ohne Hilfsmittel zu benutzen |b n |2 rdamedia | ||
| 338 | |a Band |b nc |2 rdacarrier | ||
| 490 | 1 | |a Contemporary ethnographic studies |v 9 | |
| 500 | |a Includes bibliographical references and index | ||
| 583 | 1 | |a Archivierung prüfen |c 20200919 |f DE-640 |z 2 |2 pdager | |
| 650 | 0 | |a Prisoners |x United States |x Attitudes | |
| 650 | 0 | |a Prison psychology |x United States | |
| 650 | 0 | |a Imprisonment |x United States | |
| 700 | 1 | |8 1\p |a Schmid, Thomas J. |0 (DE-588)1187687634 |0 (DE-627)1666644048 |4 aut | |
| 830 | 0 | |a Contemporary ethnographic studies |v 9 |9 9 |w (DE-627)1160878420 |w (DE-576)090878426 |7 am | |
| 883 | |8 1\p |a cgwrk |d 20241001 |q DE-101 |u https://d-nb.info/provenance/plan#cgwrk | ||
| 951 | |a BO | ||
| ELC | |b 1 | ||
| LOK | |0 000 xxxxxcx a22 zn 4500 | ||
| LOK | |0 001 2394087749 | ||
| LOK | |0 003 DE-627 | ||
| LOK | |0 004 1160878358 | ||
| LOK | |0 005 20010516000000 | ||
| LOK | |0 008 010420||||||||||||||||ger||||||| | ||
| LOK | |0 040 |a DE-21 |c DE-627 |d DE-21 | ||
| LOK | |0 852 |a DE-21 | ||
| LOK | |0 852 1 |c KB 19 A 8607 |9 00 | ||
| LOK | |0 935 |a krim | ||
| LOK | |0 936ln |a k12.9 | ||
| LOK | |0 939 |a 20-04-01 |b l01 | ||
| ORI | |a SA-MARC-krimdoka001.raw | ||
| SIG | |a UB: KB 19 A 8607 | ||
